|
|
|
|
| LEADER |
00000nam0a2200000 4500 |
| 001 |
94828 |
| 005 |
20231031105820.0 |
| 020 |
|
|
|a RU
|b 82-19881
|
| 035 |
|
|
|a (RuTPU)RU\TPU\book\101578
|
| 035 |
|
|
|a RU\TPU\book\100042
|
| 090 |
|
|
|a 94828
|
| 100 |
|
|
|a 20060417d1974 km y0rusy5003 ca
|
| 101 |
0 |
|
|a rus
|
| 102 |
|
|
|a RU
|
| 105 |
|
|
|a y z 001zy
|
| 200 |
1 |
|
|a Возникновение квантовой электроники
|f И. М. Дунская
|g Академия наук СССР, Институт истории естествознания и техники им. С. И. Вавилова (ИИЕТ АН СССР)
|
| 210 |
|
|
|a Москва
|c Наука
|d 1974
|
| 215 |
|
|
|a 160 с.
|
| 320 |
|
|
|a Библиогр.: с. 148-156.
|
| 320 |
|
|
|a Указатель имен: с. 157-158.
|
| 610 |
1 |
|
|a квантовая электроника
|
| 610 |
1 |
|
|a история
|
| 610 |
1 |
|
|a генерация
|
| 610 |
1 |
|
|a индуцированное излучение
|
| 610 |
1 |
|
|a молекулярные генераторы
|
| 610 |
1 |
|
|a парамагнитные усилители
|
| 610 |
1 |
|
|a оптические квантовые генераторы
|
| 675 |
|
|
|a 621.378(09)
|v 3
|
| 700 |
|
1 |
|a Дунская
|b И. М.
|g Ирина Михайловна
|
| 712 |
0 |
2 |
|a Академия наук СССР
|b Институт истории естествознания и техники им. С. И. Вавилова (ИИЕТ АН СССР)
|c (Москва)
|2 stltpush
|3 (RuTPU)RU\TPU\col\8662
|
| 801 |
|
0 |
|a RU
|b RuMRKP
|c 19950704
|g psbo
|
| 801 |
|
1 |
|a RU
|b 63413507
|c 20060329
|g PSBO
|
| 801 |
|
2 |
|a RU
|b 63413507
|c 20121012
|g PSBO
|
| 942 |
|
|
|c BK
|